|
|
|
|
| LEADER |
00000nam a2200000 4500 |
| 001 |
vtls012158092 |
| 003 |
SK-MaSNL |
| 005 |
20260301060250.0 |
| 008 |
230110s2022 xo a a 000 u slo |
| 015 |
|
|
|a SNBA2023/01
|
| 020 |
|
|
|a 9788055655765
|q (viazané)
|
| 040 |
|
|
|a SNK
|b slo
|c SNK
|e rda
|
| 041 |
1 |
|
|a slo
|h eng
|
| 044 |
|
|
|a xo
|c SK
|
| 072 |
|
7 |
|a 821-93
|x Literatúra pre deti a mládež (beletria)
|2 konspekt
|
| 080 |
|
|
|a 821-93
|2 2011
|
| 080 |
|
|
|a (0.025.2)
|2 2011
|
| 080 |
|
|
|a 629
|2 2011
|
| 080 |
|
|
|a 69-1
|2 2011
|
| 245 |
0 |
0 |
|a Moja prvá knižnica
|p Autá, lode, lietadlá
|
| 246 |
3 |
0 |
|a Autá, lode, lietadlá
|
| 250 |
|
|
|a [2. vydanie]
|
| 264 |
|
1 |
|a Bratislava
|b Slovart
|c 2022
|
| 300 |
|
|
|a 8 zväzkov (každý 10 nečíslovaných strán)
|b farebné ilustrácie
|c 9 cm
|
| 336 |
|
|
|a statický obraz
|b sti
|2 rdacontent
|
| 336 |
|
|
|a text
|b txt
|2 rdacontent
|
| 337 |
|
|
|a bez média
|b n
|2 rdamedia
|
| 338 |
|
|
|a zväzok
|b nc
|2 rdacarrier
|
| 500 |
|
|
|a Knižky s kartónovými listami uložené v kartónovej krabici (16 x 22 x 9 cm) s priehľadným okienkom a šnúrkovým uchom
|
| 500 |
|
|
|a Originál pravdepodobne v angličtine
|
| 500 |
|
|
|a Názov z krabice
|
| 505 |
0 |
0 |
|t Lietadlá --
|t Na snehu --
|t Záchranári --
|t Stavebné stroje --
|t Na farme --
|t Lode --
|t Nákladiaky --
|t Autá
|
| 521 |
8 |
|
|a Pre deti od 12 mesiacov
|
| 650 |
0 |
7 |
|a dopravné prostriedky
|2 SNKPH
|9 66633
|
| 650 |
0 |
7 |
|a Means of transportation
|2 SNKPHeng
|9 303201
|
| 650 |
0 |
7 |
|a stavebné stroje
|2 SNKPH
|9 67895
|
| 650 |
0 |
7 |
|a Building machines
|2 SNKPHeng
|9 303933
|
| 655 |
|
7 |
|a leporelá
|2 SNKPH
|9 60414
|
| 655 |
|
7 |
|a publikácie pre deti
|2 SNKPH
|9 70148
|
| 655 |
|
7 |
|a Folding picture-books
|2 SNKPHeng
|9 302521
|
| 655 |
|
7 |
|a Publications for children
|2 SNKPHeng
|9 276792
|
| 919 |
|
|
|a 978-80-556-5576-5
|
| 954 |
|
|
|a ilustrované knihy, leporelá, komiksy cudzojazyčné (svetové)
|2 lita
|
| 958 |
|
|
|a DB
|
| 968 |
|
|
|b ENG
|
| 999 |
|
|
|c 615228
|d 617158
|
| 952 |
|
|
|a SNK
|b SNK
|y PREZ
|7 0
|p 17A1516980
|o snkOSC 29825
|i snk2023/165
|8 0
|0 0
|1 0
|4 0
|d 2023-01-10
|l 0
|r 2026-02-23 16:36:19
|w 2026-02-23
|
| 952 |
|
|
|a SNK
|b SNK
|y PREZ
|7 0
|p 17A1516981
|o snkOSC 29825 D1
|i snk2023/166
|8 0
|0 0
|1 0
|4 0
|d 2023-01-10
|l 0
|r 2026-02-23 16:36:19
|w 2026-02-23
|